Vista normal
Vista MARC
Entrada Término temático
Número de registros utilizados en: 1
001 - CONTROL NUMBER
- control field: 77754
003 - CONTROL NUMBER IDENTIFIER
- control field: OSt
005 - DATE AND TIME OF LATEST TRANSACTION
- control field: 20201025121134.0
008 - FIXED-LENGTH DATA ELEMENTS
- fixed length control field: 201025|| aca||aabn | a|a d
040 ## - CATALOGING SOURCE
- Original cataloging agency: OSt
- Transcribing agency: OSt
150 ## - HEADING--TOPICAL TERM
- Topical term or geographic name entry element: CLASIFICACION CATASTRAL
670 ## - SOURCE DATA FOUND
- Source citation: Work cat.: (OSt): Echeverri Echeverri, Bernardo 12953, La administración municipal y el catastro, 1970.

